[Event "Nordstrand GP Langsjakk 2019"]
[Site "Lambertseter gård"]
[Date "2019.04.05"]
[Round "4"]
[White "Kristiansen, Rune Harald"]
[Black "Lindmo, Arne K"]
[Result "1-0"]
[WhiteElo "1890"]
[BlackElo "1810"]
[PlyCount "97"]
[EventDate "2019.??.??"]

1. d4 d5 2. Bf4 Bf5 3. Nc3 e6 4. e3 a6 5. Bd3 Bxd3 6. Qxd3 c5 7. Nf3 Nc6 8. a3
c4 9. Qe2 Nf6 10. O-O Be7 11. h3 O-O 12. Bh2 b5 13. Ne5 Nxe5 14. Bxe5 Nd7 15.
Bh2 f5 16. f3 Qb6 17. Kh1 a5 18. a4 b4 19. Nb5 Nf6 20. Rad1 Ne8 21. e4 Rf7 22.
exd5 exd5 23. Rfe1 Bf8 24. Qe6 Qxe6 25. Rxe6 Re7 26. Rde1 Rxe6 27. Rxe6 Kf7 28.
Re5 Nf6 29. Rxf5 Re8 30. Re5 Rxe5 31. Bxe5 Nd7 32. Bc7 b3 33. cxb3 cxb3 34.
Bxa5 g6 35. Bc3 Ke6 36. Kg1 Nb8 37. Kf2 Na6 38. Ke2 Kf5 39. Bd2 Bb4 40. Bxb4
Nxb4 41. a5 Na6 42. g3 h5 43. h4 Ke6 44. Kd2 Kd7 45. Kc3 Kc6 46. Na3 Nc7 47.
Kxb3 Nb5 48. Nxb5 Kxb5 49. a6 
1-0

[Event "Nordstrand GP Langsjakk 2019"]
[Site "Lambertseter gård"]
[Date "2019.04.05"]
[Round "5"]
[White "Tryggestad, Andreas G"]
[Black "Ness, Jarle"]
[Result "1-0"]
[WhiteElo "2305"]
[BlackElo "1789"]
[PlyCount "75"]
[EventDate "2019.??.??"]

1. e4 c5 2. c3 d5 3. exd5 Qxd5 4. d4 Nc6 5. Nf3 Bg4 6. dxc5 Qxd1+ 7. Kxd1 e5 8.
b4 Be7 9. h3 Rd8+ 10. Ke1 Bh5 11. Bb5 Bf6 12. Be3 Nge7 13. Nbd2 Bg6 14. Nc4 O-O
15. Nd6 a6 16. Ba4 Rd7 17. Bg5 Bxg5 18. Nxg5 h6 19. Nf3 f6 20. Rd1 Rfd8 21.
Bb3+ Kf8 22. a4 Rc7 23. Ke2 Nf5 24. Be6 Nfe7 25. Rd2 Bh7 26. b5 axb5 27. Nxb5
Rxd2+ 28. Nxd2 Rc8 29. Bxc8 Nxc8 30. Nd6 Nxd6 31. cxd6 Na5 32. c4 b6 33. Rc1
Nb7 34. Rc3 Nc5 35. Rg3 Nb7 36. Rb3 Nxd6 37. Rxb6 Ke7 38. a5 1-0

[Event "Nordstrand GP Langsjakk 2019"]
[Site "Lambertseter gård"]
[Date "2019.04.05"]
[Round "5"]
[White "Hobber, Anders"]
[Black "Brodtkorb, Lars Johan"]
[Result "1-0"]
[WhiteElo "2295"]
[BlackElo "2010"]
[PlyCount "73"]
[EventDate "2019.??.??"]

1. d4 d5 2. Bf4 Nf6 3. e3 e6 4. Nf3 Bd6 5. Bg3 O-O 6. Nbd2 c5 7. c3 Nc6 8. Bb5
Be7 9. Bd3 b6 10. Qe2 Bb7 11. Rd1 a6 12. Ne5 b5 13. f4 Ne8 14. Nxc6 Bxc6 15.
dxc5 Bxc5 16. e4 Nd6 17. e5 Nf5 18. Nb3 Bb6 19. Bf2 Bxf2+ 20. Qxf2 Qh4 21. Bxf5
Qxf2+ 22. Kxf2 exf5 23. Na5 Rac8 24. Nxc6 Rxc6 25. Rxd5 b4 26. Rc1 Rc4 27. Rd4
Rfc8 28. Rxc4 Rxc4 29. g3 Rc5 30. c4 Kf8 31. b3 Ke7 32. Ke3 Kd7 33. Rd1+ Kc6
34. Rd6+ Kb7 35. Rd5 Rc6 36. Rd7+ Kc8 37. Rd6 1-0

[Event "Nordstrand GP Langsjakk 2019"]
[Site "Lambertseter gård"]
[Date "2019.04.05"]
[Round "5"]
[White "Nordquelle, Daniel"]
[Black "Tunsjø, Axel"]
[Result "1/2-1/2"]
[WhiteElo "2264"]
[BlackElo "1946"]
[PlyCount "74"]
[EventDate "2019.??.??"]

1. e4 c5 2. f4 Nc6 3. Nf3 g6 4. Bb5 Bg7 5. Bxc6 bxc6 6. Nc3 d5 7. d3 Ba6 8. Qd2
Nh6 9. O-O c4 10. d4 dxe4 11. Nxe4 c5 12. Nxc5 c3 13. Qxc3 Bxf1 14. Kxf1 Nf5
15. Be3 Rc8 16. Bf2 Qd6 17. Qa3 O-O 18. c3 Qxf4 19. Qxa7 g5 20. Nd3 Qe4 21. Rd1
g4 22. Nfe1 h5 23. Nc5 Qd5 24. a4 e5 25. Qd7 Qxd7 26. Nxd7 Rfd8 27. Nb6 Rb8 28.
d5 e4 29. Nc2 e3 30. Nxe3 Rxb6 31. Nxf5 Rxb2 32. Nxg7 Kxg7 33. c4 (33. a5 Ra2
34. Bb6) 33... Rb4 34. c5 Rxa4 35. c6 Rc4 36. Bb6 Rd6 37. Bc7 (37. Ke2) 37...
Rcxc6 1/2-1/2

[Event "Nordstrand GP Langsjakk 2019"]
[Site "Lambertseter gård"]
[Date "2019.04.05"]
[Round "5"]
[White "Eliseev, Sergey"]
[Black "Fossan, Aleksander"]
[Result "*"]
[WhiteElo "1867"]
[BlackElo "2105"]
[PlyCount "101"]
[EventDate "2019.??.??"]

1. e4 c5 2. Nf3 Nc6 3. g3 g6 4. Bg2 Bg7 5. O-O d6 6. c3 e5 7. d3 Nge7 8. Be3
Bg4 9. Nbd2 Qd7 10. a4 b6 11. Nc4 O-O 12. Qc1 f5 13. h3 fxe4 14. Nfxe5 dxe5 15.
hxg4 exd3 16. g5 Rad8 17. Rd1 Qe6 18. b3 Rd7 19. Be4 Rfd8 20. Kg2 Nd4 21. Qb2
Nc2 22. Rac1 Nxe3+ 23. Nxe3 Nf5 24. Nf1 c4 25. Nd2 Nd6 26. Re1 a6 27. bxc4 Nxc4
28. Qb3 b5 29. axb5 axb5 30. Rcd1 Rd6 31. Qxb5 Na3 32. Qb2 Nc2 33. Rh1 Rb6 34.
Qc1 Rbd6 (34... Qa2) 35. c4 Qg4 36. Bd5+ Kh8 37. Rxh7+ Kxh7 38. Rh1+ Bh6 39.
Rxh6+ Kg7 40. Qh1 Ne3+ 41. fxe3 Qe2+ 42. Kh3 Rxd5 43. cxd5 Qxe3 (43... Qxd2 44.
Qe4) 44. Nf3 d2 45. Nh4 (45. Qb1) 45... Qe2 (45... Rd6 46. Rxg6+ Rxg6 47. Nf5+)
46. Rxg6+ Kh7 47. Qb1 Rd7 48. Rh6+ Kg8 49. Qg6+ Kf8 50. Rh8+ Ke7 51. Re8# *